Tributación sobre el valor agregado (Registro nro. 6486)
[ vista simple ]
| 000 -LEADER | |
|---|---|
| fixed length control field | 01487 a2200205 4500 |
| 001 - CONTROL NUMBER | |
| control field | 58779 |
| 005 - DATE AND TIME OF LATEST TRANSACTION | |
| control field | 20260407155842.0 |
| 008 - FIXED-LENGTH DATA ELEMENTS--GENERAL INFORMATION | |
| fixed length control field | 260407a1975 arg spa d |
| 003 - CONTROL NUMBER IDENTIFIER | |
| control field | AR-UNSa-BCEJYS |
| 040 ## - CATALOGING SOURCE | |
| Original cataloging agency | AR-UNSa-BCEJYS |
| Language of cataloging | spa |
| Transcribing agency | AR-UNSa-BCEJYS |
| 080 ## - UNIVERSAL DECIMAL CLASSIFICATION NUMBER | |
| Universal Decimal Classification number | 336.226.3 |
| Common auxiliary subdivision | Impuestos por el uso de los ingresos. Impuestos al consumo. IVA |
| 041 ## - LANGUAGE CODE | |
| Language code of text/sound track or separate title | spa |
| 100 1# - MAIN ENTRY--PERSONAL NAME | |
| Personal name | Juano, Manuel de |
| 245 10 - TITLE STATEMENT | |
| Title | Tributación sobre el valor agregado |
| Name of part/section of a work | Ley Nº 20.631 |
| 264 #1 - PRODUCTION, PUBLICATION, DISTRIBUTION, MANUFACTURE, AND COPYRIGHT NOTICE | |
| Place of production, publication, distribution, manufacture | Buenos Aires : |
| Name of producer, publisher, distributor, manufacturer | Víctor P. de Zavalía |
| Date of production, publication, distribution, manufacture, or copyright notice | 1975 |
| 300 ## - PHYSICAL DESCRIPTION | |
| Extent | 287 p. |
| Dimensions | 23 cm. |
| 505 ## - FORMATTED CONTENTS NOTE | |
| Formatted contents note | 1. Pautas previas para la tributación - 2. Antecedentes históricos de la tributación sobre venta y servicios - 3. Presupuestos constitucionales sobre el IVA - 4. Imposición sobre las ventas - 5. Ubicación del impuesto al valor agregado en el sistema tributario estatal y particularmente en el sistema impositivo argentino - 6. Concepto del impuesto sobre el valor agregado - 7. Principios generales aplicables en la tributación sobre el valor agregado - 8. Análisis de la legislación Argentina sobre el impuesto al valor agregado - 9. Jurisprudencia sobre aplicación de las leyes impositivas a los consumos - 10. Régimen de la inscripción - 11. Régimen de recaudación - 12. Régimen de coparticipación - 13. Legislación comparada sobre el impuesto al valor agregado - 14. Consideraciones finales sobre la legislación del impuesto al valor agregado. |
| 590 ## - LOCAL NOTE (RLIN) | |
| Local note | niveau_biblio:m niveau_hierar:0 |
| 942 ## - ADDED ENTRY ELEMENTS (KOHA) | |
| Koha item type | |
| Withdrawn status | Lost status | Damaged status | Not for loan | Home library | Current library | Shelving location | Date acquired | Total checkouts | Full call number | Barcode | Date last seen | Price effective from | Koha item type |
|---|---|---|---|---|---|---|---|---|---|---|---|---|---|
| Biblioteca Prof. Eusebio Cleto del Rey | Biblioteca Prof. Eusebio Cleto del Rey | 07/04/2026 | 336.226.3 J91 | L26852 | 07/04/2026 | 07/04/2026 | Libro |